มุมมองปกติ
มุมมองแบบ MARC
- เมเปิ้ลสีขาว
รายการ Personal Name
001 - CONTROL NUMBER
- control field: 28390
003 - CONTROL NUMBER IDENTIFIER
- control field: NALT
005 - DATE AND TIME OF LATEST TRANSACTION
- control field: 20180430132341.0
008 - FIXED-LENGTH DATA ELEMENTS
- fixed length control field: 180430|| aca||aabn | a|a d
040 ## - CATALOGING SOURCE
- Original cataloging agency: NALT
100 ## - HEADING--PERSONAL NAME
- Personal name: เมเปิ้ลสีขาว
